000 00435pab a2200181 454500
008 180718b2015 xxu||||| |||| 00| 0 eng d
100 _aDas, Amiya Kumar
245 _aUndermining adivasi interests
260 _c2015
300 _ap.25-26.
362 _a3 Jan
650 _aIndigenous populations
700 _aPadhi, Ranjana
700 _aNigam
773 _aEconomic and Political Weekly
908 _aN
909 _a106432
999 _c106427
_d106427